Секрет потерянного королевства. [Ч.] 5: Книга судьбы (Запись № 914011)

Подробности
000 -МАРКЕР
контрольное поле 01331nam2a2200289 4500
001 - ИДЕНТИФИКАТОР ЗАПИСИ
контрольное поле RU\NLR\bibl\1658420
005 - ИДЕНТИФИКАТОР ВЕРСИИ
контрольное поле 20250616040201.0
010 ## - МЕЖДУНАРОДНЫЙ СТАНДАРТНЫЙ НОМЕР КНИГИ (ISBN)
Номер (ISBN) 978-5-9539-4586-8
Тираж 20000
021 ## - НОМЕР ГОСУДАРСТВЕННОЙ РЕГИСТРАЦИИ
Код страны Российская Федерация
Номер 2010-47812
Номер Листа государственной регистраци 3174
021 ## - НОМЕР ГОСУДАРСТВЕННОЙ РЕГИСТРАЦИИ
Код страны Российская Федерация
Номер 2010-75904
Номер Листа государственной регистраци 5052
035 ## - ДРУГИЕ СИСТЕМНЫЕ НОМЕРА
Идентификатор записи (NLR Aleph) 001649718
100 ## - ДАННЫЕ ОБЩЕЙ ОБРАБОТКИ
Данные общей обработки 20100726d2010 |||y0rusy50 ca
101 1# - ЯЗЫК РЕСУРСА
Язык текста, звукозаписи и т.д. русский
Язык оригинала итальянский
102 ## - СТРАНА ПУБЛИКАЦИИ ИЛИ ПРОИЗВОДСТВА
Страна публикации Российская Федерация
105 ## - ПОЛЕ КОДИРОВАННЫХ ДАННЫХ: ТЕКСТОВЫЕ МАТЕРИАЛЫ, МОНОГРАФИЧЕСКИЕ
Кодированные данные о монографическом текстовом документе a |||||||||
200 1# - ЗАГЛАВИЕ И СВЕДЕНИЯ ОБ ОТВЕТСТВЕННОСТИ
Основное заглавие Книга судьбы
Первые сведения об ответственности [пер. с итал. Елены Дмитриевой]
210 ## - ПУБЛИКАЦИЯ, РАСПРОСТРАНЕНИЕ И ДР.
Дата издания, распространения и т.д. 2010
Место издания, распространения и т.д. Б. м.
215 ## - ФИЗИЧЕСКАЯ ХАРАКТЕРИСТИКА
Специфическое обозначение материала и объем 93, [2] c.
Другие сведения о физической характеристике цв. ил.
300 ## - ОБЩИЕ ПРИМЕЧАНИЯ
Текст примечания Назв. на яз. ориг.: Il libro del destino
454 #0 - ОРИГИНАЛ (ПЕРЕВОДА)
Встроенное поле 2001#$aIl libro del destino
Заглавие Il libro del destino
461 #0 - УРОВЕНЬ НАБОРА
Встроенное поле 001RU\NLR\bibl\1660295
-- 2001#$aСекрет потерянного королевства$v[Ч.] 5
Системный номер (АБИС) связанной записи 925219
Место публикации Москва
Дата публикации 2010
Первые сведения об ответственности пер. с итал. Елены Сайгафаровой]
Имя издателя, распространителя и т.д. Эгмонт Россия Лтд.
Сведения, относящиеся к заглавию по мультфильму Иджинио Страффи : [для детей среднего и старшего школьного возраста : в 10 ч.
Заглавие Секрет потерянного королевства
ISBN 978-5-9539-4590-5
Номер тома [Ч.] 5
801 #0 - ИСТОЧНИК ЗАПИСИ
Страна Российская Федерация
Организация NLR
Дата составления 20100726
Правила каталогизации RCR
801 #1 - ИСТОЧНИК ЗАПИСИ
Страна Российская Федерация
Организация NLR
Дата составления 20100726
942 ## - ДОПОЛНИТЕЛЬНЫЕ ЭЛЕМЕНТЫ ЗАПИСИ (АБИС)
Тип экземпляра АБИС Книга
980 ## - КОЛЛЕКЦИЯ
Название коллекции Национальная библиография
Экземпляры
Тип экземпляра Дата поступления Источник поступления Библиотека постоянного хранения Библиотека текущего хранения Место хранения Шифр хранения Штрих-код Статус экземпляра
Книга 26.07.2010 Обязательный экземпляр РНБ (Московский) РНБ (Московский) Русский книжный фонд: издания с 1957 года 2010-6/1091 3219397  
Книга 26.07.2010 Обязательный экземпляр РНБ (Московский) РНБ (Московский) Обменный фонд   3219398  
Книга 08.11.2010 Обязательный экземпляр РНБ (Московский) РНБ (Московский) Обменный фонд   3283955  
Книга 08.11.2010 Обязательный экземпляр РНБ (Московский) РНБ (Московский) Обменный фонд   3283961